Normal view MARC view

Entry Personal Name

Number of records used in: 2

001 - CONTROL NUMBER

  • control field: 5775

003 - CONTROL NUMBER IDENTIFIER

  • control field: HDC

005 - DATE AND TIME OF LATEST TRANSACTION

  • control field: 20230624073220.0

008 - FIXED-LENGTH DATA ELEMENTS

  • fixed length control field: 210120|| aca||aabn | a|a d

040 ## - CATALOGING SOURCE

  • Original cataloging agency: HDC
  • Transcribing agency: HDC

100 ## - HEADING--PERSONAL NAME

  • Personal name: Kabra, S.K.,
  • Titles and other words associated with a name: Dr.

670 ## - SOURCE DATA FOUND

  • Source citation: Work cat.: (HDC): Kabra, S.K., Dr., author, Probiotics and their Role in Reducing Allergic Disorders /, [no year]
Halal Development Corporation Berhad (HDC)
5.02 Level 5, KPMG Tower, First Avenue, Persiaran Bandar Utama, 47800 Petaling Jaya, Selangor Darul Ehsan
Phone: +603 7965 5489 Email: [email protected]